Investing in infrastructure : the road to recovery : hearing before the Committee on Transportation and Infrastructure, House of Representatives, One Hundred Tenth Congress, second session, October 29, 2008.

Bibliographic Details
Corporate Author: United States. Congress. House. Committee on Transportation and Infrastructure
Format: Government Document eBook
Language:English
Published: Washington : U.S. G.P.O., 2009.
Subjects:
Online Access:Electronic resource (PDF)

MARC

Tag First Indicator Second Indicator Subfields
LEADER 00000cam a22000001a 4500
001 in00004100504
005 20200117091306.0
006 m d f
007 cr bn mmmapmmp
008 091109s2009 dcua ob f000 0 eng d
035 |a chdc201000779 
040 |a UMI  |c UMI  |d UtOrBLW 
042 |a pcc 
043 |a n-us--- 
074 |a 1024-A-01 
086 0 |a Y 4.T 68/2:110-176 
110 1 |a United States.  |b Congress.  |b House.  |b Committee on Transportation and Infrastructure.  |0 http://id.loc.gov/authorities/names/no95024546 
245 1 0 |a Investing in infrastructure :  |b the road to recovery : hearing before the Committee on Transportation and Infrastructure, House of Representatives, One Hundred Tenth Congress, second session, October 29, 2008. 
264 1 |a Washington :  |b U.S. G.P.O.,  |c 2009. 
264 2 |a Washington :  |b For sale by the Supt. of Docs., U.S. G.P.O. 
300 |a xxvi, 610 pages :  |b illustrations, digital, PDF file. 
336 |a text  |b txt  |2 rdacontent 
337 |a computer  |b c  |2 rdamedia 
338 |a online resource  |b cr  |2 rdacarrier 
500 |a Shipping list number: 2010-0028-P. 
504 |a Includes bibliographical references. 
500 |a "110-176." 
500 |a Record is based on bibliographic data in ProQuest Congressional Hearings Digital Collection. Reuse except for individual research requires license from ProQuest, LLC. 
500 |a Electronic resource. 
533 |a Electronic reproduction.  |b [Bethesda, Md.] :  |c ProQuest,  |d 2010.  |e digital, PDF file.  |n ProQuest U.S. Congressional Hearings Digital Collection.  |n Mode of access: World Wide Web via ProQuest website. 
538 |a System requirements: PDF reader software. 
650 0 |a Infrastructure (Economics)  |z United States  |x Finance.  |0 http://id.loc.gov/authorities/subjects/sh2008123712 
650 0 |a Job creation  |x Government policy  |z United States. 
650 0 |a Economic stabilization  |x Government policy  |z United States. 
650 0 |a Transportation and state  |z United States.  |0 http://id.loc.gov/authorities/subjects/sh2008112741 
650 0 |a Federal aid to transportation  |z United States.  |0 http://id.loc.gov/authorities/subjects/sh2008103637 
776 0 8 |i Print version:   |a United States. Congress. House. Committee on Transportation and Infrastructure.  |t Investing in infrastructure  |w 9780160843860  |w 0160843863  |w (OCoLC)ocn463604282  |z 2009438853 
776 0 8 |i Microfiche version:   |a United States. Congress. House. Committee on Transportation and Infrastructure.  |t Investing in infrastructure  |d [Bethesda, Md.] : ProQuest,[2010]  |o CIS 2010 H751-17  |w (ProQuest)cis01001450  
856 4 0 |u http://proxy.library.tamu.edu/login?url=http://search.proquest.com/congcomp/getdoc?HEARING-ID=HRG-2008-HTI-0075  |y Electronic resource (PDF)  |t 0 
998 |a cis01001450  
999 f f |s 8b97e279-47fe-3b03-8529-49dafadb23fd  |i 6a6a61e5-f561-3dcb-93a2-e8f3d79c197a  |t 0 
952 f f |a Texas A&M University  |b College Station  |c Electronic Resources  |d Available Online  |t 0  |e Y 4.T 68/2:110-176  |h Superintendent of Documents classification 
998 f f |a Y 4.T 68/2:110-176  |t 0  |l Available Online